| 000 | 00420nam a22001577a 4500 | ||
|---|---|---|---|
| 003 | OSt | ||
| 008 | 250916b |||||||| |||| 00| 0 eng d | ||
| 020 | _a9 789367 476925 | ||
| 041 | _aeng | ||
| 082 |
_a658.001 _bCAT |
||
| 245 |
_aCAT Common Admission Test: _bChapter Wise & Topic Wise 10 year Solved Paper |
||
| 250 | _a3rd | ||
| 260 |
_aAgra: _bOswall Books & Learning Pvt Ltd, _c2025. |
||
| 300 | _a512p. | ||
| 942 | _cBK | ||
| 999 |
_c19518 _d19518 |
||